[Event "Southend Easter U1400 rapid op 67th"]
[Site "Southend"]
[Date "2025.04.17"]
[Round "6"]
[White "Kingston, Alexander"]
[Black "Courtenay, James I"]
[Result "0-1"]
[WhiteElo "817"]
[BlackElo "1153"]
[PlyCount "122"]
[EventDate "2025.04.17"]
[EventType "swiss (rapid)"]
[EventRounds "6"]
[EventCountry "ENG"]
[SourceTitle "CB18_2025"]
[SourceDate "2025.04.30"]
[SourceVersion "1"]
[SourceVersionDate "2025.04.30"]
[SourceQuality "1"]

1. e4 e5 2. Nf3 Nc6 3. Bc4 Bc5 4. c3 Nf6 5. d4 exd4 6. cxd4 Bb4+ 7. Nc3 0-0 8. a3 Bxc3+ 9. bxc3 d6 10. 0-0 Nxe4 11. Qd3 d5 12. Bb5 a6 13. Bxc6 bxc6 14. Be3 Qf6 15. c4 a5 16. cxd5 cxd5 17. Rac1 Ba6 18. Qb3 Bxf1 19. Rxf1 c6 20. Rc1 Rfb8 21. Qc2 Ra6 22. Rd1 Rab6 23. h3 Rb2 24. Qc1 Rb1 25. Qc2 Nc3 26. Rxb1 Rxb1+ 27. Kh2 Qd6+ 28. g3 Qxa3 29. Bd2 Qb2 30. Qxc3 Qxc3 31. Bxc3 a4 32. Nd2 Rc1 33. Bb4 Rc2 34. Kg2 Rb2 35. Bc3 Rc2 36. Bb4 Rb2 37. Bc3 Rb7 38. Kf3 a3 39. Ba1 a2 40. Ke3 Rb1 41. Bc3 a1Q 42. Bxa1 Rxa1 43. Nb3 Ra3 44. Kf4 Rxb3 45. Ke5 Kf8 46. Kd6 Rb4 47. Kxc6 Rxd4 48. f4 Ke7 49. g4 Rxf4 50. Kxd5 Rf3 51. h4 Rf4 52. g5 Rxh4 53. g6 hxg6 54. Ke5 f6+ 55. Kd5 Kd7 56. Kc5 g5 57. Kd5 g4 58. Kc5 g3 59. Kd5 g2 60. Kc5 g1Q+ 61. Kd5 Qg5# 0-1